000 01228nam a2200325Ia 4500
001 ebr10694695
003 CaPaEBR
006 m u
007 cr cn|||||||||
008 120711s2012 deu sb 001 0 eng d
010 _z 2012023946
020 _z9780872074798
020 _z9780872075511
040 _aCaPaEBR
_cCaPaEBR
035 _a(OCoLC)826660139
050 1 4 _aLB1576
_b.R7577 2012eb
082 0 4 _a372.6
_223
100 1 _aRoutman, Regie.
245 1 0 _aLiteracy and learning lessons from a longtime teacher
_h[electronic resource] /
_cRegie Routman.
260 _aNewark, Del. :
_bInternational Reading Association,
_cc2012.
300 _aix, 174 p.
504 _aIncludes bibliographical references (p. 165-166) and index.
533 _aElectronic reproduction.
_bPalo Alto, Calif. :
_cebrary,
_d2013.
_nAvailable via World Wide Web.
_nAccess may be limited to ebrary affiliated libraries.
650 0 _aLanguage arts.
650 0 _aEffective teaching.
650 0 _aMotivation in education.
655 7 _aElectronic books.
_2local
710 2 _aebrary, Inc.
856 4 0 _uhttp://site.ebrary.com/lib/rucke/Doc?id=10694695
_zAn electronic book accessible through the World Wide Web; click to view
999 _c8990
_d8990